Hegel's Hipsters: claiming ownership in the contemporary city (Record no. 116529)

000 -LEADER
fixed length control field 01492pab a2200181 454500
008 - FIXED-LENGTH DATA ELEMENTS--GENERAL INFORMATION
fixed length control field 180718b2018 xxu||||| |||| 00| 0 eng d
100 ## - MAIN ENTRY--PERSONAL NAME
Personal name Thorpe, Amelia
245 ## - TITLE STATEMENT
Title Hegel's Hipsters: claiming ownership in the contemporary city
260 ## - PUBLICATION, DISTRIBUTION, ETC.
Date of publication, distribution, etc. 2018
300 ## - PHYSICAL DESCRIPTION
Extent p.25-48.
362 ## - DATES OF PUBLICATION AND/OR SEQUENTIAL DESIGNATION
Dates of publication and/or sequential designation Feb
520 ## - SUMMARY, ETC.
Summary, etc. Property is both revered and reviled. Praised for its connections to autonomy, agency, power and community, property attracts scorching critiques for its implication in exclusion, inequality and injustice. This article provides a new perspective from which to examine this dual nature of property. Drawing on fieldwork in the United States, Canada, Australia and New Zealand, property is examined in the context of citizen and community-led ムdo-it-yourselfメ interventions in the urban environment. Perhaps even more than in formal planning processes, claims about ownership are central to these activities. Finding multiple forms of property at work in the city, and noting that formal legal title is often less important than more informal ownership, this article sheds new light on some of the oldest debates in property. Amongst echoes of Lockean labour-based theory, Hegelian personhood theory emerges as particularly helpful in explaining the intimate connections between property and identity, community and power in the city. - Reprodu
650 ## - SUBJECT ADDED ENTRY--TOPICAL TERM
Topical term or geographic name entry element Community
650 ## - SUBJECT ADDED ENTRY--TOPICAL TERM
Topical term or geographic name entry element Property theory
650 ## - SUBJECT ADDED ENTRY--TOPICAL TERM
Topical term or geographic name entry element Property
773 ## - HOST ITEM ENTRY
Main entry heading Social & Legal Studies
909 ## -
-- 116535
Holdings
Withdrawn status Lost status Damaged status Not for loan Permanent Location Current Location Date acquired Serial Enumeration / chronology Barcode Date last seen Price effective from Koha item type
        Indian Institute of Public Administration Indian Institute of Public Administration 2018-07-19 Volume no: 27, Issue no: 1 AR116995 2018-07-19 2018-07-19 Articles

Powered by Koha